|
|
|
|
| LEADER |
01231nam a22003254a 4500 |
| 001 |
7048 |
| 003 |
BD-DhAAL |
| 005 |
20200530213835.0 |
| 008 |
150310s2005 maua 001 0 eng |
| 999 |
|
|
|c 33956
|d 33956
|
| 010 |
|
|
|a 2003070638
|
| 020 |
|
|
|a 0072931477 (text : alk. paper)
|
| 020 |
|
|
|a 0072976861 (pkg., includes CDROM)
|
| 020 |
|
|
|a 0071111638 (international ed. : alk. paper)
|
| 040 |
|
|
|a DLC
|c DLC
|d DLC
|d BD-DhAAL
|
| 050 |
0 |
0 |
|a HD58.7
|b .M42 2005
|
| 082 |
0 |
0 |
|a 658.3
|2 23
|
| 100 |
1 |
|
|a McShane, Steven Lattimore.
|9 9323
|
| 245 |
1 |
0 |
|a Organizational behavior /
|c Steven L. McShane, Mary Ann Von Glinow.
|
| 250 |
|
|
|a Third edition
|
| 260 |
|
|
|a Boston :
|b McGraw-Hill Irwin,
|c c2005.
|
| 300 |
|
|
|a xxxii, 688 pages :
|b illustrations ;
|c 27 cm. +
|
| 500 |
|
|
|a Subtitle on cover: Emerging realities for the workplace revolution.
|
| 500 |
|
|
|a Includes index.
|
| 541 |
|
|
|e 7048
|
| 650 |
|
0 |
|a Organizational behavior.
|9 9324
|
| 700 |
1 |
|
|a Von Glinow, Mary Ann Young,
|d 1949-
|9 9325
|
| 852 |
|
|
|a Savar Campus Library
|c General Stacks
|
| 942 |
|
|
|2 ddc
|c BK
|
| 952 |
|
|
|0 0
|1 0
|2 ddc
|4 0
|6 658_300000000000000_MCS
|7 0
|9 52997
|a SCL
|b SCL
|c GEN
|d 2015-03-10
|e Gift: The Asia Foundation
|l 0
|o 658.3 MCS
|p 3020007048
|r 2015-03-10
|t 1
|w 2015-03-10
|y BK
|